Riconosci il Pokémon - Quiz n°365 - Statistics

Statistiche generali
  • Questo quiz è stato fatto 0 volte
  • Il punteggio medio è 0 su 10
Statistiche sulle risposte
Indizio Risposta % Corretto
Tasso di cattura 100 (21.7%)
0%
Peso 108,0 kg
0%
Altezza 1,0 m
0%
Sesso 50% ♂, 50% ♀
0%
Tasso di allevamento Medio-Veloce
0%
Stadio evoluzione Non si evolve
0%
Abilità Pressione; Intrapasso
0%
Generazione Quarta
0%
Tipo Spettro / Buio
0%
Pokémon Spiritomb
0%
Nessun quiz corrispondente trovato
Distribuzione punteggi
Percentuale di utenti per punteggio
Percentile per numero di risposta
I tuoi punteggi nel tempo
Non hai fatto questo quiz